01013cam a22002531 450000100060000000300080000600500170001400800390003103500190007003500180008904000290010704100080013608200230014424501940016726000390036130000350040050400390043565000460047470000380052070000290055894200120058799900170059995201430061611210BD-RjUL20211208235105.0140126s1963 nyua b 001 0 eng a(BD-RjUL)11259 a(OCoLC)284864 aDLCcODaWUdBD-RjULbeng aeng a621.1127bRAD 196310aRadiation effects on organic materials /cedited by Robert O. Bolt and James G. Carroll. Prepared under the auspices of the Division of Technical Information, U.S. Atomic Energy Commission. aNew York :bAcademic Press,c1963. axv, 576 p. :billus. ;c24 cm. aIncludes bibliographies and index. 0aMaterialsxEffect of radiation on.9301581 aBolt, Robert O.ejoint ed.9346841 aCarroll, James G.934685 2ddccBK c11210d11210 00102ddc40718NFICaRUCLbRUCLcReadingd2063-12-20eZeitlingerg108.00l0o621.1127 RAD 1963r2014-01-26 00:00:00tC-1w2014-01-26yBK